Представление документа в формате RUSMARC

ПолеНазваниеЗначение
  Тип записи a
  Библиографический уровень c
001 Контрольный номер RU/SLIB/B/208780802
005 Дата корректировки 20201206204341.7
010 Индекс ISBN __
d Цена 2-50
101 Язык документа 0_
a Язык текста rus
200 Заглавие и сведения об ответственности 1_
a Заглавие Голубая книга ; Театр
e Сведения, относящиеся к заглавию в 2 т.
f Первые сведения об ответственности М. М. Зощенко ; вступ. ст. Л. Ершова
b Общее обозначение материала Текст
210 Выходные данные __
a Место издания Л.
c Издательство Худож. лит.
d Дата издания 1978
215 Физическое описание __
a Объем 423 с.
327 Примечание о содержании __
a Примечание о содержании Театр
461 Уровень набора __
1 2001
a Избранное
v Т. 2
606 Тематические рубрики __
a Основная рубрика Художественная литература
z Хронологическая подрубрика 20 в.
y Географическая подрубрика Россия
606 Тематические рубрики __
a Основная рубрика Русская литература XX в. (произведения)
610 Ключевые слова __
a Ключевые слова проза; прозаики; писатели; рассказы; пьесы; театральные постановки
686 Индексы других классификаций __
a Классификационный индекс 84(2Рос=Рус)6-4
700 Автор _1
a Фамилия Зощенко
b Имя М. М.
4 Код отношения 070
702 Вторичная интеллектуальная ответственность _1
a Фамилия Ершов
b Имя Л.
4 Код отношения Автор предисловия и т.д.
4 Код отношения 080
801 Источник записи _0
a Страна RU
b Организация Муниципальное бюджетное учреждение культуры "Централизованная библиотечная система" г. Сургут (Центральная городская библиотека им. А. С. Пушкина)
g Правила каталогизации КиК/Елгина
801 Источник записи _1
a Страна RU
b Организация Муниципальное бюджетное учреждение культуры "Централизованная библиотечная система" г. Сургут (Центральная городская библиотека им. А. С. Пушкина)
g Правила каталогизации КиК/Елгина
852 Данные о местонахождении __
j Шифр хранения 84(2Рос=Рус)6-4
i Авторский знак З-86
p Инвентарный номер 126140(с)
901 Тип документа __
t Тип документа x
969 Тип издания __
a Тип издания сборник
990 Данные о заказе (DOS) __
j Количество экземпляров (DOS) 1
t N записи в КСУ для И/У (DOS) ретро